Accounting fundamentals for nonfinancial executives. (Record no. 8650)

000 -LEADER
fixed length control field 00747cam a2200241 4500
001 - CONTROL NUMBER
control field 3686767
005 - DATE AND TIME OF LATEST TRANSACTION
control field 20181031020031.0
008 - FIXED-LENGTH DATA ELEMENTS--GENERAL INFORMATION
fixed length control field 720619s1972 nyu 001 0 eng
010 ## - LIBRARY OF CONGRESS CONTROL NUMBER
LC control number 78173320
020 ## - INTERNATIONAL STANDARD BOOK NUMBER
International Standard Book Number 0814452868
040 ## - CATALOGING SOURCE
Original cataloging agency DLC
Transcribing agency DLC
Modifying agency DLC
050 00 - LIBRARY OF CONGRESS CALL NUMBER
Classification number HF5635
Item number .S963
082 00 - DEWEY DECIMAL CLASSIFICATION NUMBER
Classification number 657/.042/024658
100 1# - MAIN ENTRY--PERSONAL NAME
Personal name Sweeny, Allen.
245 10 - TITLE STATEMENT
Title Accounting fundamentals for nonfinancial executives.
260 ## - PUBLICATION, DISTRIBUTION, ETC. (IMPRINT)
Place of publication, distribution, etc. [New York]
Name of publisher, distributor, etc. American Management Association
Date of publication, distribution, etc. [1972]
300 ## - PHYSICAL DESCRIPTION
Extent ix, 147 p.
Dimensions 22 cm.
350 ## - PRICE (NR) (BK AM CF MU VM SE) [OBSOLETE]
Price $9.50
500 ## - GENERAL NOTE
General note Edition for 1974 published under title: Accounting fundamentals for nonfinancial managers.
650 #0 - SUBJECT ADDED ENTRY--TOPICAL TERM
Topical term or geographic name as entry element Accounting.
906 ## - LOCAL DATA ELEMENT F, LDF (RLIN)
a 7
b cbc
c orignew
d 2
e ncip
f 19
g y-gencatlg
942 ## - ADDED ENTRY ELEMENTS (KOHA)
Source of classification or shelving scheme
Koha item type Hard Covered Materials
Koha issues (borrowed), all copies 1
Holdings
Withdrawn status Lost status Source of classification or shelving scheme Damaged status Not for loan Home library Current library Shelving location Date acquired Source of acquisition Total Checkouts Total Renewals Full call number Barcode Date last seen Date last checked out Price effective from Koha item type
          MACHAKOS UNIVERSITY LIBRARY MACHAKOS UNIVERSITY LIBRARY Open shelf 13/10/2015 purchase 5 1 HF 5635 .S94 1972 15536 05/11/2025 22/10/2025 13/10/2015 Hard Covered Materials
© Machakos University Library, Along The Highway, Machakos Wote Rd, Machakos, Kenya P.O. Box 136 - 90100 Machakos - Kenya

Tel: ( +254 ) 723 805829 OR Fax : 044-20353 OR Email: library@mksu.ac.ke